[Event "Livorno op 7th"]
[Site "Livorno"]
[Date "2011.07.03"]
[Round "5"]
[White "Coqueraut, Jean Dominique"]
[Black "Annoni, Riccardo"]
[Result "0-1"]
[WhiteElo "1833"]
[BlackElo "2068"]
[PlyCount "64"]
[EventDate "2011.07.01"]
[EventType "swiss"]
[EventRounds "5"]
[EventCountry "ITA"]
[SourceTitle "EXT 2014"]
[Source "ChessBase"]
[SourceDate "2013.11.20"]
[SourceVersion "1"]
[SourceVersionDate "2013.11.20"]
[SourceQuality "1"]

1. d4 d5 2. c4 e6 3. Nf3 c6 4. cxd5 exd5 5. Nc3 Bf5 6. Bf4 Nf6 7. e3 Bd6 8. Ne5 0-0 9. Bd3 Bxd3 10. Qxd3 Nh5 11. Bg3 Nxg3 12. hxg3 g6 13. f4 Qe7 14. Nf3 Re8 15. Kf2 Nd7 16. Ng5 Nf6 17. Rh4 h5 18. Rah1 Kg7 19. a3 Rh8 20. e4 dxe4 21. Ncxe4 Rad8 22. Nxf6 Qxf6 23. Qc3 Bc7 24. Nf3 Bb6 25. Rd1 Rd5 26. Rd3 Rhd8 27. Ke3 c5 28. Kd2 cxd4 29. Qc1 Re8 30. b4 Qe7 31. Qd1 a5 32. b5 Rxb5 0-1

[Event "Savona Provinz-ch"]
[Site "Savona"]
[Date "2011.01.28"]
[Round "1"]
[White "Lupini, Stefano"]
[Black "Coqueraut, Jean Dominique"]
[Result "0-1"]
[WhiteElo "1936"]
[BlackElo "1815"]
[PlyCount "104"]
[EventDate "2011.01.28"]
[EventType "swiss"]
[EventRounds "5"]
[EventCountry "ITA"]
[SourceTitle "EXT 2012"]
[Source "ChessBase"]
[SourceDate "2011.11.24"]
[SourceVersion "1"]
[SourceVersionDate "2011.11.24"]
[SourceQuality "1"]

1. d4 d5 2. c4 c6 3. Nf3 Nf6 4. Nc3 e6 5. Bg5 Be7 6. e3 Nbd7 7. Rc1 0-0 8. Bd3 dxc4 9. Bxc4 b5 10. Bd3 Bb7 11. 0-0 b4 12. Na4 Rc8 13. e4 h6 14. Bxf6 Nxf6 15. e5 Nd5 16. Nc5 Ba8 17. Bb1 Bxc5 18. Rxc5 g6 19. Qd2 Kg7 20. Be4 a5 21. Rfc1 Bb7 22. a3 Qb6 23. h4 Rh8 24. Nh2 f5 25. Bf3 Rhf8 26. Nf1 Rf7 27. Bxd5 exd5 28. Ne3 Rcf8 29. axb4 axb4 30. Nc2 Qd8 31. g3 f4 32. Qxb4 Qd7 33. Qe1 fxg3 34. fxg3 Qh3 35. Rc3 Ba6 36. Ne3 Rf3 37. Ng2 Rf1+ 38. Qxf1 Bxf1 39. Rxf1 Rxf1+ 40. Kxf1 Qf5+ 41. Kg1 Qb1+ 42. Kh2 Qxb2 43. Rxc6 g5 44. hxg5 hxg5 45. Rc7+ Kf8 46. e6 Qxd4 47. Kh3 Qe5 48. e7+ Ke8 49. Rb7 Qf5+ 50. Kh2 d4 51. Ne1 Qf2+ 52. Ng2 d3 0-1